02186nam a22002177a 450000500170000000800410001702000180005804000090007604100080008508200220009310000160011524500280013126000290015930000280018836500560021652016370027265000140190965000150192365000120193870000180195020220627164743.0220627b ||||| |||| 00| 0 eng d a9780143426745 cAloy aeng 223a530.092bSHAV aAmrita Shah aVikram Sarabhai: A life aUSAbPenguin Booksc2016 axiv,248p,bPBc19x13cm. 2Physicsa1930b319.00c₹d399.00e20%f20-06-2022 aVikram Sarabhai (1919-71), the renaissance man of Indian science, thought up the impossible and often made it happen. Founder of India's space programme (ISRO), Vikram dreamed of communication satellites that would educate people at a time when even a modest rocket programme seemed daring; of huge agricultural complexes serviced by atomic power and desalinated sea water. He envisioned research technology that would free Indian industry from foreign dependence, and of a world-class management college that would train managers for the public sector. Between 1947 and 1971, he built a thriving pharmaceutical business, conducted research into cosmic rays, headed the Atomic Energy Commission; set up India's first textile research cooperative, ATIRA, the first market research organization, ORG, the Indian Institute of Management in Ahmedabad (IIM-A) and the dance academy Darpana. Handsome, charismatic, married to pioneering classical dancer Mrinalini Sarabhai and closely associated with the most influential figures of his time—everyone from C.V. Raman and Jawaharlal Nehru to Bruno Rossi, Louis Kahn and John Rockefeller III—Vikram led what seemed like a charmed existence. Yet, his personal life was troubled and his strong resistance to India's move towards a nuclear explosion in the late 1960s put him at odds with powerful lobbies and fellow technologists. In this vivid and intimate account, Amrita Shah delves into the life and mind of a fascinating, complex individual, a multifaceted genius who died young, but whose vision still drives India's ambitious space programme—and continues to inspire India today. aBiography aPhysicists aPhysics aSHAH (Amrita)